000 00402nam a22001457a 4500
005 20200610135818.0
008 200610b xxu||||| |||| 00| 0 eng d
082 _a345.4 AIR
110 _aALL INDIA REPORTER
_95931
245 _aALL INDIA REPORTER [1976] [VOL-63] MADHYA PRADESH SECTION
260 _aBOMBAY
_bALL INDIA REPORTER , PVT. LTD.
300 _a400;p
650 _aLAW
_95701
942 _cJRL
999 _c6993
_d6991